000 00446nam a2200157 4500
001 111720
003 ES-MaACL
007 t|
008 061121s1946 ag r ||||1| spa d
080 _aE-9888
100 1 _aOrgaz, Alfredo.
_987242
245 1 0 _aDercho civil argentino II
_b: personas individuales /
_cAlfredo Orgaz.
260 _aBuenos Aires :
_bDepalma,
_c1946.
300 _aXIX, 433 p. ;
_c24 cm.
852 _aES-MaACL
_jE-9888
_bR.23392
999 _c111720
_d111720